GILMORE GIRLS - Statistics

General Stats
  • This quiz has been taken 977 times
  • The average score is 19 of 25
Answer Stats
Question Answer % Correct
^'s daughter Rory
100%
^'s biological father Christopher
96%
Main character Lorelai
96%
Main character's husband Luke
93%
Daughter's first boyfriend Dean
91%
^'s nephew Jess
91%
Main character's mother Emily Gilmore
87%
Guy who has every job Kirk
87%
Main character's father Richard Gilmore
87%
Dance Teacher of Stars Hollow Miss Patty
84%
Main character's best friend (opened inn together) Sookie
84%
Daughter's high school Chilton
83%
Dinner owner's daughter April
79%
^'s other daughter Gigi
78%
^'s husband Jackson
76%
Daughter's collegue Yale
72%
Daughter's best friend from Stars Hollow Lane Kim
70%
Dinner owner Luke Danes
70%
^'s mother Liz
66%
Main character's grandmother Lorelai Gilmore
63%
Daughter's best friend from school Paris Geller
60%
^'s band Hep Alien
50%
Number of members in the band Four
49%
^'s boyfriend/husband Zack
47%
Mayor of Stars Hollow Taylor Doose
41%
No matching quizzes found
Score Distribution
Percent of People with Each Score
Percentile by Number Answered
Your Score History
You have not taken this quiz